Statistics for Countries Closest to Denmark by first two letters

Click here to take the quiz!

General Stats

  • This quiz has been taken 166 times
  • The average score is 18 of 22

Answer Stats

kmcountrymiles% Correct
4Sweden2
100%
781Switzerland485
100%
0Germany0
98%
110Norway68
95%
554Belarus344
94%
450Belgium280
94%
200Netherlands124
92%
94Poland59
90%
612Finland380
88%
368Lithuania229
88%
555Luxembourg345
83%
587France365
82%
296Russia184
81%
385Latvia239
79%
516United Kingdom320
78%
523Estonia325
74%
285Iceland177
68%
651Austria405
64%
421Czechia251
64%
678Ukraine421
63%
26Canada16
52%
656Slovakia408
51%

Score Distribution

Percentile by Number Answered

Percent of People with Each Score

Your Score History

You have not taken this quiz